00445nam a2200109Ia 4500008004100000050002600041100001900067245012800086260008600214300002000300521001500320140724s9999 xx 000 0 und d aBF 724.65b.G975 2013 aGun, Lee Sang. aStressors and coping strategies of college Korean Students of Southville International School and Colleges /cLee Sang Gun. aLas Piñas, Philippines :bSouthville International School and Colleges,cc2013. a62 p. :c28 cm. aPsychology